Statistics for Guess The Ratt Song By Lyrics

Click here to take the quiz!

General Stats

  • This quiz has been taken 4 times
  • The average score is 8 of 15

Answer Stats

HintAnswer% Correct
Out on the streets, that's where we'll meet/
You make the night, I always cross the line
Round And Round
100%
You take the midnight subway train/
You're calling all the shots
You're In Love
100%
I could take you wanted someone to call your own/
Sweet sixteen, you couldn't see straight
Slip Of The Lip
75%
New kid in town/
Got fancy clothes/
Old T-Bird car, baby
Way Cool Jr
75%
You turn him away, you tell him you're mine/
You make him believe you're but one of a kind
Back For More
50%
Slip and slide, take a ride/
You want the best of both worlds
Dance
50%
Don't want to talk about it/
And I don't want to hear what's for sale
I Want A Woman
50%
Too many problems, the world can't solve/
Too many people, no-one wants to be involved
Lack of Communication
50%
I woke up in the mornin', I'm still flat on my back/
Couldn't move a muscle like I had a heart attack
Loving You Is a Dirty Job
50%
In my dreams see I'm on TV/
Get back exactly who I want to be
Nobody Rides For Free
50%
Well, low dealer, with snake eyes/
You cross me, you realize you're-/
You're hot leather, you're cold steel
Wanted Man
50%
I don't like feeling/
Mixed up in the city/
Showdown Slow down
Body Talk
25%
You say you don't want me/
You say you don't care
Givin' Yourself Away
25%
I know you don't really know mee/
I know you don't really care to see me
Lay It Down
25%
I'm knockin' at your door/
And there's no answer
Shame Shame Shame
25%

Score Distribution

Percentile by Number Answered

Percent of People with Each Score

Your Score History

You have not taken this quiz